| 000 | 01001cam a2200265 i 4500 | ||
|---|---|---|---|
| 003 | SA-RiAUC | ||
| 005 | 20250105090428.0 | ||
| 008 | 250104s1984 le f d 00000 ara c | ||
| 040 |
_aSA-RiAUC _bara _cSA-RiAUC _erda |
||
| 041 | 1 |
_aara _aeng _afre |
|
| 082 | 0 | 4 |
_a380.103 _qSA-RiAUC |
| 090 |
_a380.103 _bب د و |
||
| 100 | 1 |
_aبدوي، أحمد زكي _eمؤلف. |
|
| 245 | 1 | 0 |
_aمعجم المصطلحات التجارية والتعاونية : _bإنجليزي-عربي-فرنسي / _cأحمد زكي بدوي. |
| 264 | 1 |
_aبيروت : _bدار النهضة العربية، _c1984 |
|
| 300 |
_a302 صفحة ؛ _c24 سم |
||
| 336 |
_aنص _btxt _2rdacontent _3كتاب |
||
| 337 |
_aبدون وسيط _bn _2rdamedia |
||
| 338 |
_aمجلد _bnc _2rdacarrier |
||
| 500 | _aيشتمل على كشاف. | ||
| 650 | 7 |
_aالتجارة _vمعجم مصطلحات _2aucsh |
|
| 650 | 7 |
_aالتعاون _vمعجم مصطلحات _2aucsh |
|
| 942 |
_2ddc _cBOOK _n0 |
||
| 949 |
_aSA-JeALM _d250104 _uosman123 _n1 |
||
| 999 |
_c4462 _d4462 |
||